| 000 | 00396nam a22001577a 4500 | ||
|---|---|---|---|
| 008 | 250522b |||||||| |||| 00| 0 eng d | ||
| 020 | _a043592303X | ||
| 050 |
_aQC32 _b.N45 |
||
| 100 | _aNelkon, Micheal | ||
| 245 | _aAdvanced level physics | ||
| 250 | _a7th | ||
| 260 |
_aOxford _bHeinenann educational publishers |
||
| 300 | _axv, 927 | ||
| 650 | _aphysics- problems, exercises | ||
| 942 | _cBK | ||
| 999 |
_c3619 _d3619 |
||